000 00363nam a2200145Ia 4500
005 20250729165731.0
008 250729s2011 xx 000 0 und d
041 _akan
082 _a494.50 PRAB
100 _aPrabhakara Neermarga
_9231669
245 _aBharane
260 _aMangalore
_bHemavathi Prakashana
_c2011
300 _a184p
650 _aKannada
_9231670
999 _c239397
_d239397